La culeide Poemetto in antitesi al moderno costume dei culi finti

में बचाया:
ग्रंथसूची विवरण
मुख्य लेखक: Valli, Giuseppe
स्वरूप: पुस्तक
भाषा:अंग्रेज़ी
प्रकाशित: Roma Scipioni Editore 1988
टैग: टैग जोड़ें
कोई टैग नहीं, इस रिकॉर्ड को टैग करने वाले पहले व्यक्ति बनें!

MARC

LEADER 00000nam a2200000 4500
005 20241106185251.0
008 241106b |||||||| |||| 00| 0 eng d
040 |c GP 
100 |a Valli, Giuseppe 
245 |a La culeide  |b Poemetto in antitesi al moderno costume dei culi finti 
260 |a Roma  |b Scipioni Editore  |c 1988 
942 |2 ddc  |c BK  |n 0 
952 |0 0  |1 0  |2 ddc  |4 0  |6 808_000000000000000_CUR  |7 1  |9 2174  |a RM  |b RM  |d 2024-11-06  |l 0  |o 808 CUR  |p 391  |r 2024-11-06 18:53:10  |w 2024-11-06  |y BK 
999 |c 1913  |d 1913